000 00562nam a2200133Ia 4500
008 100328s9999 xx 000 0 und d
082 _b17031
100 _aचतुर्वेदी श्रीनारायण-संपा.
245 _aसरस्वती हीरक जयन्ति विशेषांक
260 _bइंडियन
630 _aसरस्वती हीरक जयन्ति विशेषांक
730 _aसरस्वती हीरक जयन्ति विशेषांक
942 _cBOOK
999 _c511660
_d511657